Essential concepts in molecular pathology / (رقم التسجيلة. 32128)

تفاصيل مارك
000 -الفاتح
حقل البيانات ثابتة الطول 01200cam a22003374a 4500
001 - رقم الضبط
رقم الضبط 15997634
003 - محدد رقم الضبط
رقم الضبط OSt
005 - وقت وتاريخ اخر تعامل مع التسجيلة
رقم الضبط 20150408114152.0
008 - عناصر البيانات ثابتة الطول - معلومات عامة
حقل البيانات ثابتة الطول 091125s2010 ne a b 001 0 eng
010 ## - رقم ضبط مكتبة الكونجرس
رقم ضبط مكتبة الكونجرس 2009049959
020 ## - الرقم الدولى المعيارى للكتب
الرقم الدولى المعيارى للكتاب 9780123744180
035 ## - رقم ضبط النظام
رقم ضبط النظام (DNLM)101520109
040 ## - مصدر الفهرسة
وكالة الفهرسة الأصلية DNLM/DLC
وكالة النسخ DLC
وكالة التعديل DLC
042 ## - رمز التحقق
رمز التحقق pcc
050 00 - رقم طلب مكتبة الكونجرس
رقم التصنيف RB113
رقم المادة .E845 2010
060 10 - رقم الطلب بالمكتبة الطبية الوطنية
رقم التصنيف QY 4
رقم المادة E78 2010
082 00 - رقم تصنيف ديوى العشرى
رقم التصنيف 616.07
رقم الطبعة 22
رقم المادة ESC
245 00 - بيان العنوان
العنوان Essential concepts in molecular pathology /
بيان المسئوليه,etc edited by William B. Coleman, Gregory J. Tsongalis.
260 ## - PUBLICATION, DISTRIBUTION, ETC. (IMPRINT)
مكان الناشر او الموزع Amsterdam ;
-- Boston :
اسم الناشر او الموزع Elsevier/Academic Press,
تاريخ النشر أو التوزيع c2010.
300 ## - الوصف المادى
التعداد xxi, 440 p. :
تفاصيل ماديه اخرى للوعاء ill. (chiefly col.) ;
أبعاد الوعاء 29 cm.
504 ## - تبصرة ببليوجرافية
تبصرة ببليوجرافية,الخ Includes bibliographical references and index.
650 #0 - المدخل الاضافى بالموضوع-مصطلح موضوعى
مصطلح موضوعي أو اسم جغرافي كعنصر مدخل Pathology, Molecular.
9 (RLIN) 39772
650 12 - المدخل الاضافى بالموضوع-مصطلح موضوعى
مصطلح موضوعي أو اسم جغرافي كعنصر مدخل Molecular Biology
التقسيم الفرعي العام methods.
650 12 - المدخل الاضافى بالموضوع-مصطلح موضوعى
مصطلح موضوعي أو اسم جغرافي كعنصر مدخل Pathology, Clinical
التقسيم الفرعي العام methods.
9 (RLIN) 18615
650 22 - المدخل الاضافى بالموضوع-مصطلح موضوعى
مصطلح موضوعي أو اسم جغرافي كعنصر مدخل Cytogenetic Analysis
التقسيم الفرعي العام methods.
9 (RLIN) 39936
700 1# - المدخل الاضافى - اسم شخصى
الإسم الشخصى Coleman, William B.
9 (RLIN) 39937
700 1# - المدخل الاضافى - اسم شخصى
الإسم الشخصى Tsongalis, Gregory J.
9 (RLIN) 39938
906 ## - عنصر بيانات محلى F, LDF (RLIN)
a 7
b cbc
c orignew
d 1
e ecip
f 20
g y-gencatlg
942 ## - عناصر المدخل الإضافي( كوها)
مصدر التصنيف او مخطط الترفيف Dewey Decimal Classification
Koha [default] item type DVD
المقتنيات
حالة الفقد نموذج السعر الفعال حالة تلف ليس للاعارة رقم الطلب تاريخ الاكتساب الموقع الحالي الفرع الرئيسي Date last seen نوع المادة فى نظام كوها مصدر التصنيف او خطة الترفيف Total Checkouts
  2013-11-16     616.07 ESC 2013-11-16 المكتبة المركزية بالمجمعة (CL) المكتبة المركزية بالمجمعة (CL) 2013-11-16 كتاب Dewey Decimal Classification